Contract For Overall Upgradation & Modernization Of The Vocational Education System In Ghana 2018 (Record no. 2822)

MARC details
000 -LEADER
fixed length control field 00477nam a2200145Ia 4500
008 - FIXED-LENGTH DATA ELEMENTS--GENERAL INFORMATION
fixed length control field 240429s9999||||xx |||||||||||||| ||und||
041 ## - LANGUAGE CODE
Language code of text/sound track or separate title eng
082 ## - DEWEY DECIMAL CLASSIFICATION NUMBER
Classification number PM/VES/18
100 ## - MAIN ENTRY--PERSONAL NAME
Personal name Parliament of Ghana
245 #0 - TITLE STATEMENT
Title Contract For Overall Upgradation & Modernization Of The Vocational Education System In Ghana 2018
300 ## - PHYSICAL DESCRIPTION
Extent 248p:tabs
650 ## - SUBJECT ADDED ENTRY--TOPICAL TERM
Topical term or geographic name entry element Contract For Overall Upgradation & Modernization Of The Vocational Education System In Ghana
942 ## - ADDED ENTRY ELEMENTS (KOHA)
Koha item type Annual Report
Holdings
Withdrawn status Lost status Damaged status Not for loan Home library Current library Shelving location Date acquired Total checkouts Full call number Date last seen Copy number Price effective from Koha item type
        Main Library Main Library Open Shelves 13/03/2023   PM/VES/18 5334 C1 - PM/VES/18 5336 C2 29/04/2024 1 29/04/2024 Annual Report
©2026  Parliament of Ghana Library - All rights reserved